Estudo sobre as correlacoes de caracteres em algodao moco, Gossypium hirsutum Marie-Galante Hutch [Ceara, Brasil] (Registro n. 14146)
[ somente texto ]
| 000 -LÍDER | |
|---|---|
| campo de controle de tamanho fixo | 01149nam a22003257a 4500 |
| 001 - NÚMERO DE CONTROLE | |
| campo de controle | BR6900597 |
| 003 - IDENTIFICADOR DO NÚMERO DE CONTROLE | |
| campo de controle | BR-BrBNA |
| 005 - DATA E HORÁRIO DA ÚLTIMA TRANSAÇÃO | |
| campo de controle | 20230928083544.0 |
| 007 - CAMPO FIXO DE DESCRIÇÃO FÍSICA--INFORMAÇÃO GERAL | |
| campo de controle de tamanho fixo | ta |
| 008 - CAMPO DE DADOS FIXOS--INFORMAÇÃO GERAL | |
| campo de controle de tamanho fixo | 230509b bl.||||| |||| 00| 0 por d |
| 040 ## - FONTE DA CATALOGAÇÃO | |
| Instituição da catalogação original | BR-BrBNA |
| Idioma da catalogação | por |
| Instituição que transcreveu o registro | Biblioteca Nacional de Agricultura |
| 041 ## - CÓDIGO DE IDIOMA | |
| Código do idioma do texto/trilha sonora ou título diferente | (Por) |
| 072 ## - CÓDIGO DE CATEGORIA DE ASSUNTO | |
| Código de Categoria de Assunto | F00; F50 |
| Código do objeto | 0430 |
| -- | /G514 |
| 090 ## - NÚMERO DE CHAMADA LOCAL | |
| -- | 0430 BR6900597 |
| 100 1# - ENTRADA PRINCIPAL--NOME PESSOAL | |
| Nome pessoal | Moreira, J.A.N. (Universidade Federal do Ceara, Fortaleza (Brazil)) |
| 110 1# - ENTRADA PRINCIPAL--NOME CORPORATIVO | |
| Nome corporativo ou nome da jurisdição | Escola Superior de Agricultura Luiz de Queiroz, Piracicaba, SP (Brasil) |
| Grau Universitário | Tese (Magister Scientiae) |
| 245 1# - TÍTULO | |
| Título | Estudo sobre as correlacoes de caracteres em algodao moco, Gossypium hirsutum Marie-Galante Hutch [Ceara, Brasil] |
| 260 3# - PUBLICAÇÃO, DISTRIBUIÇÃO, ETC. | |
| Local de publicação, distribuição, etc. | Piracicaba, SP (Brasil): |
| Data da publicação, distribuição, etc. | 1969. |
| 300 ## - DESCRIÇÃO FÍSICA | |
| Extensão | 85 p. |
| 500 ## - NOTA GERAL | |
| Nota geral | Summary (Por); Bibliography p. 32-36 (54 ref.). (*) Documento disponível na(o) Universidade Federal do Ceara, Fortaleza (Brazil) |
| 650 ## - ASSUNTO--TERMO TÓPICO | |
| Cabeçalho tópico ou nome geográfico | ALGODAO MOCO |
| 650 ## - ASSUNTO--TERMO TÓPICO | |
| Cabeçalho tópico ou nome geográfico | PROGENIE |
| 650 ## - ASSUNTO--TERMO TÓPICO | |
| Cabeçalho tópico ou nome geográfico | FENOLOGIA |
| 650 ## - ASSUNTO--TERMO TÓPICO | |
| Cabeçalho tópico ou nome geográfico | PRATICA CULTURAL |
| 650 ## - ASSUNTO--TERMO TÓPICO | |
| Cabeçalho tópico ou nome geográfico | FENOTIPO |
| 650 ## - ASSUNTO--TERMO TÓPICO | |
| Cabeçalho tópico ou nome geográfico | PRODUTIVIDADE |
| 650 ## - ASSUNTO--TERMO TÓPICO | |
| Cabeçalho tópico ou nome geográfico | CEARA |
| 909 ## - | |
| -- | 202309 |
| -- | Lucia |
| -- | 55 |
| -- | Lucia Elande |
| 942 ## - ELEMENTOS DE ENTRADA ADICIONADOS (KOHA) | |
| Tipo de material Koha | Livros |
| Situação do descarte | Fonte da classificação ou esquema de arquivamento na estante | Situação física | Não pode ser emprestado | Biblioteca de origem | Biblioteca atual | Total de empréstimos | Data de último acesso | Número do exemplar | Tipo de material Koha | Nota pública | Situação das perdas | Data de aquisição | Fonte de aquisição | Qualificador de local codificado | Custo, preço normal de compra | Número do inventário | Custo, preço de reposição | Preço efetivo de |
|---|---|---|---|---|---|---|---|---|---|---|---|---|---|---|---|---|---|---|
| Classificação AGRIS | INDISPONÍVEL | Biblioteca Nacional de Agricultura - Binagri | Biblioteca Nacional de Agricultura - Binagri | 25/09/2023 | 01 | Livros | (*) Documento disponível na(o) Universidade Federal do Ceara, Fortaleza (Brazil) | Em falta | 2023-09-25 | Portaria Interministerial nº 164/94 |

BINAGRI